[Event "Africa-ch (Women)"]
[White "Mary, Mashane"]
[Black "Botlhole, Kgalalelo"]
[Site "Livingstone"]
[Round "7"]
[Result "0-1"]
[Date "2018.05.18"]
[WhiteElo "1285"]
[BlackElo "1728"]
[PlyCount "54"]
[EventDate "2018.05.13"]
[EventType "swiss"]
[EventRounds "9"]
[EventCountry "ZAM"]
[SourceTitle "CBM 184 Extra"]
[Source "ChessBase"]
[SourceDate "2018.06.28"]
[SourceVersion "1"]
[SourceVersionDate "2018.06.28"]
[SourceQuality "1"]

1. e4 e5 2. Nf3 Nc6 3. Nc3 Nf6 4. Be2 Bc5 5. 0-0 0-0 6. d3 h6 7. Nd5 d6 8. a3 a5 9. c3 Be6 10. c4 Nd4 11. Nxd4 Bxd4 12. Rb1 c6 13. Ne3 Qd7 14. h3 Rad8 15. Bf3 Rfe8 16. Ng4 Nxg4 17. Bxg4 d5 18. Bxe6 Rxe6 19. Qb3 Rg6 20. Kh1 dxe4 21. dxe4 Qe7 22. Be3 Qh4 23. Bxd4 Rxd4 24. f3 Rd2 25. Rg1 Qg3 26. Rbe1 Rxg2 27. Qe3 Qh2# 0-1

[Event "Africa-ch (Women)"]
[White "Mary, Mashane"]
[Black "Mwilola, Phylis Namasiku"]
[Site "Livingstone"]
[Round "5"]
[Result "1-0"]
[Date "2018.05.16"]
[WhiteElo "1285"]
[BlackElo "1497"]
[PlyCount "42"]
[EventDate "2018.05.13"]
[EventType "swiss"]
[EventRounds "9"]
[EventCountry "ZAM"]
[SourceTitle "CBM 184 Extra"]
[Source "ChessBase"]
[SourceDate "2018.06.28"]
[SourceVersion "1"]
[SourceVersionDate "2018.06.28"]
[SourceQuality "1"]

1. e4 d6 2. d4 Nf6 3. Nc3 g6 4. Be2 Bg7 5. Nf3 c5 6. d5 Qa5 7. 0-0 0-0 8. a3 Bg4 9. Nd2 Bxe2 10. Qxe2 Nbd7 11. Nc4 Qb6 12. b3 Nxe4 13. Qxe4 Bxc3 14. Rb1 Nf6 15. Qxe7 Nxd5 16. Qxd6 Qxd6 17. Nxd6 b6 18. Rd1 Bd4 19. Nb5 Rfe8 20. Bh6 a5 21. Nxd4 Nc3 1-0

[Event "Africa-ch (Women)"]
[White "Nkhoma, Desiderata"]
[Black "Mary, Mashane"]
[Site "Livingstone"]
[Round "3"]
[Result "1-0"]
[Date "2018.05.14"]
[WhiteElo "1481"]
[BlackElo "1285"]
[PlyCount "88"]
[EventDate "2018.05.13"]
[EventType "swiss"]
[EventRounds "9"]
[EventCountry "ZAM"]
[SourceTitle "CBM 184 Extra"]
[Source "ChessBase"]
[SourceDate "2018.06.28"]
[SourceVersion "1"]
[SourceVersionDate "2018.06.28"]
[SourceQuality "1"]

1. d4 d5 2. Nf3 Nc6 3. Nc3 Nf6 4. g3 Bf5 5. Bg2 Nb4 6. 0-0 Bxc2 7. Qd2 Bf5 8. e4 Be6 9. Ng5 Bg4 10. e5 Ng8 11. Nxf7 Kxf7 12. Qf4+ Ke8 13. Qxg4 c6 14. Ne2 Qd7 15. Qh4 e6 16. a3 Na6 17. Bg5 Qf7 18. b4 h6 19. Bd2 g5 20. Qg4 Be7 21. f4 h5 22. Qf3 g4 23. Qd3 Nh6 24. b5 Nc7 25. bxc6 bxc6 26. Rac1 Nf5 27. Rxc6 Bd8 28. Ba5 Rc8 29. Bxc7 Bxc7 30. Qa6 Qd7 31. Rxe6+ Ne7 32. f5 Kd8 33. Qxa7 Nxf5 34. Rf6 Ne3 35. Qc5 Bxe5 36. Rf8+ Rxf8 37. Qxf8+ Kc7 38. Qc5+ Kd8 39. Qb6+ Bc7 40. Qf6+ Qe7 41. Qh8+ Kd7 42. Qxh5 Nxg2 43. Qxd5+ Qd6 44. Qxd6+ Kxd6 1-0